Statistics for Pearl Jam Ten Tracklist

Click here to take the quiz!

General Stats

  • This quiz has been taken 122 times
  • The average score is 9 of 11

Answer Stats

HintAnswer% Correct
3Alive
96%
5Black
96%
2Even Flow
91%
6Jeremy
89%
1Once
78%
7Oceans
77%
8Porch
73%
11Release
72%
4Why Go
70%
9Garden
60%
10Deep
51%

Score Distribution

Percentile by Number Answered

Percent of People with Each Score

Your Score History

You have not taken this quiz